Giáo trình âm nhạc và múa Dành cho hệ cao đẳng sư phạm mầm non
Saved in:
| Main Author: | |
|---|---|
| Other Authors: | |
| Format: | Book |
| Language: | Undetermined |
| Published: |
H.
Giáo dục
2008
|
| Subjects: | |
| Online Access: | http://lrc.tdmu.edu.vn/opac/search/detail.asp?aID=2&ID=4237 |
| Tags: |
Add Tag
No Tags, Be the first to tag this record!
|
| Institutions: | Trung tâm Học liệu Trường Đại học Thủ Dầu Một |
|---|
| LEADER | 00815nam a2200217Ia 4500 | ||
|---|---|---|---|
| 001 | TDMU_4237 | ||
| 008 | 210410s9999 xx 000 0 und d | ||
| 082 | |a 372.21 | ||
| 090 | |b L250 | ||
| 100 | |a Lê, Đức Sang | ||
| 245 | 0 | |a Giáo trình âm nhạc và múa | |
| 245 | 0 | |b Dành cho hệ cao đẳng sư phạm mầm non | |
| 245 | 0 | |c Lê Đức Sang | |
| 260 | |a H. | ||
| 260 | |b Giáo dục | ||
| 260 | |c 2008 | ||
| 300 | |a 139tr. | ||
| 650 | |a Múa |x Giảng dạy và học tập |x Mầm non; Âm nhạc |x Giảng dạy và học tập |x Mầm non; Giáo dục mầm non |x Nghệ thuật | ||
| 700 | |a Hoàng, Công Dụng | ||
| 856 | |u http://lrc.tdmu.edu.vn/opac/search/detail.asp?aID=2&ID=4237 | ||
| 980 | |a Trung tâm Học liệu Trường Đại học Thủ Dầu Một | ||